La burocracia en la sociedad moderna
Uloženo v:
| Hlavní autor: | |
|---|---|
| Médium: | Kniha |
| Jazyk: | španělština |
| Vydáno: |
Buenos Aires
Paidós
1962
|
| Edice: | Biblioteca del Hombre Contemporáneo, 83
|
| Témata: | |
| Tagy: |
Přidat tag
Žádné tagy, Buďte první, kdo vytvoří štítek k tomuto záznamu!
|
MARC
| LEADER | 00000nam a2200000 a 4500 | ||
|---|---|---|---|
| 001 | UCS6249 | ||
| 003 | CL-VaPUC | ||
| 008 | 970917e19620000AG |||||||||||||||||spa|d | ||
| 082 | 0 | 4 | |a 302.35 |b BLA |2 21 |
| 100 | 0 | |a Blau, Peter M |e author |9 391842 | |
| 245 | 1 | 3 | |a La burocracia en la sociedad moderna |
| 300 | |a 125 p | ||
| 942 | |c BK | ||
| 945 | |d 19970917 00:00:00 |a rleighto | ||
| 260 | |a Buenos Aires |b Paidós |c 1962 | ||
| 650 | 7 | |a BUROCRACIAS |2 CL-VaPUC |9 391843 | |
| 650 | 0 | |a Sistemas sociales |9 308361 | |
| 650 | 0 | |a Sociedad moderna |9 389998 | |
| 650 | 0 | |a Democracia |9 255256 | |
| 650 | 0 | |a Sociología |9 255410 | |
| 650 | 7 | |a GRUPOS DE TRABAJO |2 CL-VaPUC |9 263151 | |
| 650 | 0 | |a Cambio social |9 256857 | |
| 583 | |a last modification |c 19970917 00:00:00 |k Rodrigo Vera | ||
| 490 | 0 | |a Biblioteca del Hombre Contemporáneo, 83 | |
| 999 | |c 262194 |d 262192 | ||
| 952 | |0 0 |1 0 |4 0 |6 302_350000000000000_BLA_1962 |7 0 |8 A |9 290433 |a BIBHIS |b BIBHIS |d 2019-11-19 |i 3350509 |o 302.35 BLA 1962 |p 3350509 |r 2025-01-20 |w 2019-11-19 |y BK |k HIS | ||
| 952 | |0 0 |1 0 |4 0 |6 302_350000000000000_BLA_1962 |7 0 |8 P |9 290434 |a BIBGIM |b BIBGIM |d 2019-11-19 |i 4643968 |o 302.35 BLA 1962 |p 4643968 |r 2025-01-15 |w 2019-11-19 |y BK |k GIM | ||